Fuente regulada a tiristores

保存先:
書誌詳細
第一著者: Solorzano Alfaro, Alex Francisco
フォーマット: 図書
出版事項: [San José , Costa Rica] 1983
主題:
タグ: タグ追加
タグなし, このレコードへの初めてのタグを付けませんか!

MARC

LEADER 00000nam a2200000Ia 4500
003 002087
005 20221231144420.0
008 140114s1983 c a m 000 ||s d
040 |c cru CEDI 
090 |a TFG 1298 
100 |a Solorzano Alfaro, Alex Francisco  |9 15339 
245 |a Fuente regulada a tiristores 
260 |c 1983  |a [San José , Costa Rica] 
300 |a  139, 11 hojas : ilustraciones (algunas plegables) ; 28 cm  
500 |a A la Cabeza de la portada. Universidad de Costa Rica. Escuela de Ingeniería Eléctrica. Laboratorio Proyecto Eléctrico 1  
650 |x TIRISTORES   |x CORRIENTES CONTINUAS  |9 15340 
942 |c TFG 
999 |c 21547  |d 21547